Statistiken für Die Größten Autohersteller der Welt

Klicken Sie hier um das Quiz zu spielen!

Allgemein

  • Dieses Quiz wurde 673 mal gespielt
  • Das Durchschnittsergebnis liegt bei 10 aus 20

Antwortstatistiken

RangFirmaMarkeLand% Korrekt
2Volkswagen AGVWDeutschland
97%
12BMW GroupBMW, Mini...Deutschland
91%
1Toyota MotorToyotaJapan
88%
5Ford Motor CompanyFordUSA
81%
7Fiat Chrysler AutomobileFiat, Alfa Romeo...Italien
80%
11Group RenaultRenaultFrankreich
76%
4Hyundai Motor GroupHyundai, Kia...Südkorea
68%
8Honda Motor CompanyHondaJapan
66%
14Daimler AGMercedes, Smart...Deutschland
55%
6Nissan Motor CompanyNissanJapan
55%
18Mitsubishi Motors CorporationMitsubishiJapan
50%
3General Motor CompanyChevrolett, Cadillac...USA
44%
9Suzuki Motor CorporationSuzukiJapan
41%
16Mazda Motor CoperationMazdaJapan
35%
20Tata MotorsTataIndien
24%
10Group PSAPeugeot, Citroën...Frankreich
2%
19Beijing Automotive GroupBeijing, FotonChina
1%
17Dongfeng Motor CorporationDongfeng, Venucia...China
1%
13Shanghai Automotive Industry CorporationFenghuang, Shanghai...China
1%
15Chongqing Changan Automobile CompanyChongqing, Changan...China
0%

Verteilung der Resultate

Perzentil nach korrekt beantworteten Fragen

Anzahl Personen mit jedem Resultat

Ihre Resultats-Entwicklung

Sie haben dieses Quiz noch nicht gespielt